| 000 | 00361nam a2200145Ia 4500 | ||
|---|---|---|---|
| 008 | 191201s2007 xx 000 0 und d | ||
| 082 |
_a005.133 _bSEC |
||
| 100 | _aSebesta, Robert W | ||
| 245 | 0 | _aConcept of Programming Languages | |
| 250 | _a7th | ||
| 260 |
_aN.Delhi _bPearson Education _c2007 |
||
| 300 | _a742 | ||
| 650 | _aB.Tech(IT) | ||
| 942 |
_2ddc _cBK _01 |
||
| 999 |
_c3152 _d3152 |
||